1867 1168 1795 1502 1190 1026 1597 1872 1419 1161 1914 1068 1839 1217 1199 1263 1530 1544 1519 1814 1779 1357 1789 1300 1954 1314 1432 1814 1304 1017 1370 1570 1712 1224 1159 1940 1878 1312 1525 1876 1074 1345 1573 1777 1189 1380 1074 1460 1063 1016 1723 1160 1253 1267 1085 1255 1332 1666 1760 1782 1236 1510 1111 1096 1655 1397 1068 1978 1031 1099 1387 1277 1956 1624 1386 1666 1566 1933 1146 1852 1141 1178 1807 1531 1399 1956 1985 1505 1176 1657 1533 1184 1498 1776 1145 1445 1877 1496 1778 BCNSPRNW ULIB Ver.6.0+V

เปลี่ยนเป็นภาษาไทย

Change to English
 แสดงรายละเอียดบรรณานุกรม
  กลับหน้าหลัก

Brief Record : Get Marc (ISO 2709) : E-mail record : QR code < ปิดหน้าต่าง
LEADER : 00000nam 2200000uu 4500
001    13399126505
003     ULIB
008    020711s2014 th a 000 0 eng d
020    ^a9780199689644
060    ^aWY150^bC555G
100    ^aChristine Roffe , Frank Lally
245    ^aGeriatric Medicine: an evidence-based approach
260    ^aUnited States :^bOxford University Press,^c2014
300    ^a221 pages;^b26 cm
650    ^aGeriatric Medicine
945    ^p1836^l0^i004674
999    ^aประนอม เกษจรัล
รายการนี้ยังไม่มีแท็ก
คุณยังไม่ได้ล็อกอิน คุณสามารถมีกิจกรรมร่วมกับเว็บไซต์ได้ แต่ต้องล็อกอินก่อน ::
  ล็อกอิน

รายการสื่อสารสนเทศ

ลำดับที่ ประเภท เลขเรียก/บาร์โค้ด สถานที่ สถานะ
1. Book การพยาบาล
หนังสือสำรอง
สถานะ=หนังสือสำรอง
WY150 C555G ฉ.1 
  Barcode: 004674
ห้องสมุดวิทยาเขตสวรรค์ประชารักษ์
►หนังสือทั่วไป
บนชั้น

BibComment


ยังไม่เคยถูกคอมเมนท์

คอมเมนท์ทรัพยากรรายการนี้
  คอมเมนท์: Geriatric Medici..


 Copyright 2026. Bcnsprnw @Library